Le Xème Siècle - Statistiques

Statistiques générales
  • Ce quiz a été pris 11 fois
  • Le résultat moyen est 8 sur 20
Statistiques - réponses
Hint Réponse % Correct
911 Région de France dans laquelle s’établissent les Vikings en échange de la protection du royaume contre les invasions Normandie
100%
- Apparition de ce couvert, utilisé par l’aristocratie byzantine Fourchette
88%
987 Cette date marque la fin de cette dynastie créée par Charlemagne Carolingiens
75%
- Ce spectacle pyrotechnique a lieu pour la première fois en Chine Feu d'artifice
75%
987-996 Règne de ce roi qui fonde la dynastie des Capétiens Hugues Capet
75%
969 Cette ville africaine est fondée par les Fatimides en Egypte actuelle Le Caire
63%
962 Otton Ier fonde cet empire européen qui existera pendant plus de 800 ans Saint-Empire Romain Germanique
50%
929-1031 Ce territoire musulman couvrant une grande partie de l’Espagne, d’après lequel est nommé l’Andalousie, atteint son âge d’or Al-Andalus
38%
944 Cette ville devient la capitale de l’Empire Khmer Angkor
38%
985 Cet explorateur viking établit la première colonie au Groenland Erik le Rouge
38%
975 Suite à des récoltes défavorables, cet évènement tue une partie importante de la population française Famine
38%
899-970 Ce groupe ethnique s’installe dans l’actuelle Hongrie et lance de nombreuses raids dans toute l’Europe Magyars
38%
Vers 900 Ce peuple mésoaméricain connu pour ses sculptures monumentales s’établit au Mexique Toltèques
38%
978 Cette basilique vénitienne commence sa construction Basilique Saint-Marc
25%
958 Sacre de ce roi du Danemark dont une technologie sans-fil est inspirée Harald à la Dent Bleue
25%
- Dynastie auquel appartient le premier nommé appartient Robertiens
25%
927 Ce petit-fils d’Alfred le Grand devient le premier roi des Anglais après avoir conquis la Northumbrie Aethelstan
0%
923 Bataille pour la couronne des Francs entre le roi élu Robert Ier et le roi légitime Charles III le Simple Bataille de Soissons
0%
936 Ce royaume établi sur la péninsule coréenne succède à Silla Goryeo
0%
960 Cette dynastie chinoise est fondée par l’empereur Taizu qui unifie la Chine Song
0%
Aucun quiz correspondant
Distribution des résultats
% des personnes avec chaque résultat
Percentile par nombre de réponses
Votre historique - résultats
Vous n’avez pas pris ce quiz